000 00546nam a2200181Ia 4500
008 090123s9999 xx 000 0 und d
082 _b36659
100 _aपरांजपे पु.वा.
245 _aअचूक सल्ला
250 _a1
260 _bअक्षता प्रकाशन
_c2004
300 _a188
600 _aपरांजपे पु.वा.
630 _aअचूक सल्ला
700 _aपरांजपे पु.वा.
730 _aअचूक सल्ला
942 _cBOOK
999 _c74726
_d74726